00541pab a2200181 454500008004000000100002100040245008400061260000900145300001300154650003300167650003100200650003100231650002800262650001800290700001600308700001400324773002100338180718b2001 xxu||||| |||| 00| 0 eng d aIslam, M. Amirul aThe influence of mass media on current use of contraception in rural Bangladesh c2001 ap.101-14 aFamily planning - Bangladesh aBirth control - Bangladesh aContraception - Bangladesh aMass media - Bangladesh aBirth control aSalam, M.A. aKabir, M. aDemography India